MDQL
is popping MORE tags! Check the
thread
!
Quizzes
Events
Quiz Creation
Community
Videos
Private Events
Remove Ads
Sign In
Join for FREE
Feedback
Dark Mode
Quiz Categories
Sports
Geography
Music
Movies
Television
Just For Fun
Miscellaneous
History
Literature
Language
Science
Gaming
Entertainment
Religion
Holiday
For Kids
Quiz Lab
Recent
Popular Today
Quiz Kudos Today
Editor Picks
Curator Picks
Quizzes by...
Day
Popularity
Type
Ratings
Length
Year
Community
Subscriptions
Recent Discussions
Orange Saloon
Badges
Playlists
Quests
Create
Leaderboards
Showdown
Live 5
Trivia Bingo
Activity
Puzzle Library
Sporcle Events
Private Events
Virtual Trivia
Globe League
Become a Host
Pub Owners
SporcleCon
Opinionation
Our Games
Videos
Blog
Mobile Apps
Partnerships
Remove Ads and Go Orange
Feedback
Miscellaneous
Crossword
General Knowledge
Baby Names
Logo
Food
Cars
Numbers
Grab Bag
University
College
Popular
Company
Slogans
Restaurants
Justice
Letter
Miscellaneous
Crossword
General Knowledge
Baby Names
Logo
Food
Cars
Numbers
Grab Bag
University
College
Popular
Company
Slogans
Restaurants
Justice
Letter
Random Quiz
Search Sporcle
×
Quiz Lab
Quiz Lab
Miscellaneous
First Names
Type in answers that appear in a list
Type in answers that appear in a list
Classic
Best Score? Go Orange.
Most Common First Names In Belgium (Men, 2008) Stats
Can you name the Most Common First Names In Belgium (Men, 2008)?
By
necatrix
12m
200 Questions
434 Plays
434 Plays
434 Plays
Comments
Comments
Give Quiz Kudos
Give Quiz Kudos
-
- Ratings
hide this ad
More Info
Replay
Link that replays current quiz
Next Quiz
Link to next quiz in quiz playlist
You Got
0%
They Got
Avg Score
46%
Avg Friend Score
Upgrade to see
Score Distribution
Jump to the score distribution portion of the page
Score
0/200
Timer
12:00
0
Plays Today
Name
% Correct
Jan
82%
Jan
82%
Marc
79.7%
Marc
79.7%
Marc
79.7%
Marc
79.7%
Jean
76.3%
Jean
76.3%
Jean
76.3%
Jean
76.3%
Tom
73.3%
Tom
73.3%
Luc
72.4%
Mohamed
72.4%
Luc
72.4%
Luc
72.4%
Mohamed
72.4%
Mohammed
72.4%
Luc
72.4%
Thomas
71.9%
Thomas
71.9%
Thomas
71.9%
Thomas
71.9%
Peter
70.7%
Peter
70.7%
Philippe
69.8%
Filip
69.8%
Philippe
69.8%
Philippe
69.8%
Philippe
69.1%
Bart
64.1%
Bart
64.1%
Paul
63.1%
Paul
63.1%
Paul
63.1%
Paul
63.1%
Louis
62.4%
Louis
62.4%
Louis
62.4%
Louis
62.4%
Pierre
59.4%
Pierre
59.4%
Pierre
59.4%
Pierre
59.4%
Eric
59%
Erik
59%
Eric
59%
Eric
59%
Pieter
58.1%
Frank
58.1%
Steven
54.4%
Johan
53.9%
Johan
53.9%
Michel
53%
Michel
53%
Michel
53%
Michel
53%
Dirk
52.8%
Dirk
52.8%
Charles
51.2%
Joseph
50.9%
Jozef
50.9%
Jozef
50.9%
Joseph
50.9%
Joseph
50.9%
Joseph
50.9%
Christophe
50.7%
Name
% Correct
Kevin
50.2%
Kevin
50.2%
Albert
49.8%
Albert
49.8%
Albert
49.8%
André
49.3%
André
49.3%
André
49.3%
André
49.3%
Kristof
48.6%
Christophe
48.6%
Christophe
48.6%
Georges
48.2%
Georges
48.2%
Georges
48.2%
Alexandre
47.9%
Alexandre
47.9%
Frédéric
47.5%
Georges
47.5%
Frédéric
47.5%
Stephane
47.5%
Frédéric
47.5%
Stéphane
47.5%
Patrick
47.2%
Geert
47.2%
Patrick
47.2%
Geert
47.2%
Patrick
47.2%
Patrick
47.2%
David
46.8%
David
46.8%
David
46.8%
David
46.8%
Eric
46.1%
Robert
45.9%
Robert
45.9%
Robert
45.9%
Robert
45.9%
Nicolas
45.2%
Nicolas
45.2%
Nicolas
45.2%
François
43.8%
François
43.8%
François
43.8%
François
43.8%
Koen
43.5%
Henri
42.2%
Henri
42.2%
Michaël
42.2%
Henri
42.2%
Henri
42.2%
Vincent
41.9%
Vincent
41.9%
Vincent
41.9%
Wim
40.8%
Jacques
39.9%
Jacques
39.9%
Jacques
39.9%
Daniel
39.2%
Daniel
39.2%
Daniel
39.2%
Daniel
39.2%
Laurent
38.2%
Walter
37.6%
José
37.1%
Willy
36.6%
Guy
36.6%
Name
% Correct
Yves
36.6%
Willy
36.6%
Guy
36.6%
Guy
36.6%
Yves
36.6%
Guy
36.6%
Yves
36.6%
Olivier
35.5%
Julien
35.5%
Olivier
35.5%
Julien
35.5%
Olivier
35.5%
Ahmed
35.5%
Julien
35.5%
Stijn
34.6%
Marcel
34.3%
Marcel
34.3%
Marcel
34.3%
Marcel
34.3%
Frans
34.1%
Frans
34.1%
Christian
33.4%
Laurent
33.4%
Christian
32.5%
Roger
32.3%
Roger
32.3%
Roger
32.3%
Roger
32.3%
Eddy
32%
Eddy
32%
Christian
31.6%
Danny
30%
Jonathan
29%
Bernard
28.3%
Herman
28.3%
Bernard
28.3%
Bernard
28.3%
Ali
28.1%
René
27.4%
René
27.4%
René
27.4%
René
27.4%
Alain
26.7%
Alain
26.7%
Alain
26.7%
Sébastien
26%
Sébastien
26%
Guido
25.3%
Francis
25.1%
Antoine
25.1%
Freddy
24.4%
Didier
24.2%
Didier
24.2%
Maxime
23%
Cédric
21.7%
Pascal
21.2%
Pascal
21.2%
Pascal
21.2%
Claude
20.7%
Claude
20.7%
Thierry
18.4%
Thierry
18.4%
Thierry
18.4%
Youssef
13.6%
Serge
11.1%
Serge
11.1%
Quiz Playlist
Details
Report
Send in Message
Add To Playlist
More Info:
Guess the 50 most common male first names (the entire population, not only baby names) in Belgium and its regions in 2008.
Classic:
Type in answers that appear in a list
Quiz Source
Last Updated: Feb 16, 2017
Quiz Scoreboard
CHALLENGE
Sign Up to Join the Scoreboard
Show All
Scores
Hide
Comments
May contain spoilers
Recently Published
Colored Red Africa Blitz
by spor1
Geography
30s
Find the 'City' Movie
by crazypaving
Movies
60s
5x2 Blitz: Bands
by SL_Kpop136
Music
30s
More to Explore
Quiz From the Vault
Featured Blog Post
14 Easter Pick-up Lines to Find Eggs With
hide this ad
You Might Also Like...
Tags
2008
Belgium
common
First Names
men
Today's Top Quizzes in Miscellaneous
Browse Miscellaneous
hide this ad
Today's Top Quizzes in First Names
Browse First Names
Top Contributed Quizzes in Miscellaneous
1
5-to-1: Fast Food
2
The JOE quick-fire general knowledge quiz: Day 174
3
9x9 Crossword: Disney Movie Titles
4
9x9 Crossword: Charlie and the Chocolate Factory
5
9x9 Crossword: 2022 Movies
6
9x9 Crossword: Pixar Movie Titles
7
9x9 Crossword: Actors
8
9x9 Crossword: Flags
9
9x9 Crossword: Mario
10
9x9 Crossword: The Simpsons
Explore More
Trending Topics
Marvel
Harry Potter
Crossword
Anime
NBA
Kpop
Disney
NFL
Soccer
Song
WWE
Pokémon
The Office
Country
Puzzle
hide this ad
More By:
necatrix
Quiz
Plays
Rating
Category
Featured
Created
Most Popular Baby Names In Belgium (Boys, 2007)
522
5.00
Miscellaneous
Mar 26, 2011
Most Popular Baby Names In Belgium (Girls, 2007)
477
5.00
Miscellaneous
Mar 26, 2011
Most Common First Names In Belgium (Men, 2008)
434
5.00
Miscellaneous
Mar 27, 2011
Go to Creator's Profile
Score Distribution
Quiz Creator Spotlight
necatrix
Follow
Send a Message
Quizzes Created
-
Created Quiz Play Count
-
More By This Creator
Popular Quizzes Today
1
Colored Red Africa Blitz
2
Find the 'City' Movie
3
5x2 Blitz: Bands
4
Find the US States - No Outlines Minefield
5
The Countries of the World
6
Find the US States
7
US States
8
Find the Countries of Europe - No Outlines Minefield
More Miscellaneous Quizzes
Sunday Crossword: Las Vegas
Quiz Lab
Trending Quizzes
Colored Red Europe Blitz I
Colored Red Europe Blitz II
Colored Red Africa Blitz II
Colored Red Europe Blitz III
Colored Red Africa Blitz III
Recently Updated
How Do You Spell That?
pecheneg
Godzilla Movies
pecheneg
Grab Bag: 4-10 Letters
pecheneg
2024 March Madness Bracket
pecheneg
Famous TV Couples
Peacemaker
Champions League XIs: Real Madrid
pecheneg
Largest US Cities 1790-2010
pecheneg
Rides in Walt Disney World
pecheneg
Most Oscar Losses (Acting)
pecheneg
Beyoncé Albums
pecheneg
Trending Topics
Harry Potter
Crossword
Anime
Disney
Kpop
Marvel
NBA
Song
The Office
Puzzle
Pokémon
Soccer
WWE
Country
NFL
Your Account Isn't Verified!
In order to create a playlist on Sporcle, you need to verify the email address you used during registration. Go to your
Sporcle Settings
to finish the process.
Report this User
Report this user for behavior that violates our
Community Guidelines
.
Details:
Send Report
Go to the Sporcle.com Mobile Site →
Comments